Déterminisme et libre arbitre (Record no. 12495)

MARC details
000 -LEADER
campo de control de longitud fija 00792nam a22002415i 4500
001 - NÚMERO DE CONTROL
campo de control 12495
003 - IDENTIFICADOR DE NÚMERO DE CONTROL
campo de control ES-MaACL
005 - FECHA Y HORA DE LA ÚLTIMA TRANSACCIÓN
campo de control 20230906150327.0
007 - CAMPO FIJO DE DESCRIPCIÓN FÍSICA--INFORMACIÓN GENERAL
campo de control de longitud fija t|
008 - DATOS DE LONGITUD FIJA--INFORMACIÓN GENERAL
campo de control de longitud fija 911115s1944 fr ||||0| fre j
080 ## - NÚMERO DE LA CLASIFICACIÓN DECIMAL UNIVERSAL
Número de la Clasificación Decimal Universal 123
245 00 - MENCIÓN DEL TÍTULO
Título Déterminisme et libre arbitre
Resto del título : entretiens présides par Ferdinand Gonseth ; recueillis et rédiges par H.S. Gagnebin.
250 ## - MENCION DE EDICION
Mención de edición 2em. ed.
260 ## - PUBLICACIÓN, DISTRIBUCIÓN, ETC.
Lugar de publicación, distribución, etc. Neuchatel :
Nombre del editor, distribuidor, etc. Editions du Griffon,
Fecha de publicación, distribución, etc. [1944]
300 ## - DESCRIPCIÓN FÍSICA
Extensión 190 p. ;
Dimensiones 19 cm.
490 1# - MENCIÓN DE SERIE
Mención de serie Les problèmes de la philosophie des sciences
650 14 - PUNTO DE ACCESO ADICIONAL DE MATERIA--TÉRMINO DE MATERIA
Término de materia o nombre geográfico como elemento de entrada Determinismo.
9 (RLIN) 11842
700 1# - ENTRADA AGREGADA--NOMBRE PERSONAL
Nombre de persona Gonseth, Ferdinand.
9 (RLIN) 58258
700 1# - ENTRADA AGREGADA--NOMBRE PERSONAL
Nombre de persona Gagnebin, H.S.
9 (RLIN) 53227
830 0# - PUNTO DE ACCESO ADICIONAL DE SERIE-TÍTULO UNIFORME
Título uniforme Les problèmes de la philosophie des sciences
9 (RLIN) 183819
852 ## - LOCALIZACIÓN
Ubicación ES-MaACL
Número de control de estantería L-21148
Sublocalización o colección R.115732
Holdings
Estatus retirado Estado de pérdida Estado de daño No para préstamo Biblioteca de origen Biblioteca actual Ubicación en estantería Fecha de adquisición Fuente de adquisición Total de préstamos Signatura topográfica completa Código de barras Visto por última vez Precio de reemplazo Tipo de ítem Koha
        Biblioteca del Ateneo de Madrid Biblioteca del Ateneo de Madrid Depósito 2 17/01/2008     L-21148 1012731 23/02/2023 23/02/2023 Libro impreso